Statistics for Biggest U.S. Cities by Letter - O

Click here to take the quiz!

General Stats

  • This quiz has been taken 2,917 times
    (2,007 since last reset)
  • The average score is 9 of 18

Answer Stats

Pop State Hiny City % Correct
649,021OklahomaState capitalOklahoma City
99%
285,713FloridaDisney WorldOrlando
98%
468,262NebraskaWarren BuffettOmaha
96%
429,082CaliforniaSan Francisco
neighbor
Oakland
90%
139,484CaliforniaFruitOrange
79%
66,729Wisconsin"B'gosh"Oshkosh
65%
192,536KansasSprint HQ{Overland} Park
48%
181,107CaliforniaCanadian provinceOntario
47%
87,325UtahNear the
Golden Spike
Ogden
47%
120,568Texas"Friday Night Lights"Odessa
42%
209,877CaliforniaVentura CountyOxnard
36%
97,521UtahProvo neighborOrem
36%
58,312IllinoisChicago suburb{Orland} Park
32%
139,605KansasKC SuburbOlathe
29%
176,080CaliforniaAlong the seaOceanside
27%
60,429FloridaHorsesOcala
27%
59,809KentuckyBBQ competitionOwensboro
20%
88,472MissouriSt. Louis suburbO'Fallon
14%

Score Distribution

Percentile by Number Answered

Percent of People with Each Score

Your Score History

You have not taken this quiz since the last reset